Poesía cada día / (Record no. 186309)

MARC details
000 -LEADER
campo de control de longitud fija 01155nam a2200313 i 4500
001 - NÚMERO DE CONTROL
campo de control 186309
003 - IDENTIFICADOR DE NÚMERO DE CONTROL
campo de control SpMaBN
005 - FECHA Y HORA DE LA ÚLTIMA TRANSACCIÓN
campo de control 20250725232357.0
008 - DATOS DE LONGITUD FIJA--INFORMACIÓN GENERAL
campo de control de longitud fija 161006s2009 sp a |||| |dspa d
020 ## - NÚMERO INTERNACIONAL ESTÁNDAR DEL LIBRO
Número Internacional Estándar del Libro 978-84-7960-374-8
080 ## - NÚMERO DE LA CLASIFICACIÓN DECIMAL UNIVERSAL
Número de la Clasificación Decimal Universal 821.134.2-1(082.2)
080 ## - NÚMERO DE LA CLASIFICACIÓN DECIMAL UNIVERSAL
Número de la Clasificación Decimal Universal 821.134.2(7/8)-1(082.2)
245 00 - MENCIÓN DEL TÍTULO
Título Poesía cada día /
Mención de responsabilidad, etc. antología preparada por Mercedes Alonso Alonso, Nieves Martín Rogero, Sara Moreno Valcárcel ... [et al.] ; ilustraciones de Dinah Salama.
250 ## - MENCION DE EDICION
Mención de edición 1ª ed.
260 ## - PUBLICACIÓN, DISTRIBUCIÓN, ETC.
Lugar de publicación, distribución, etc. Madrid :
Nombre del editor, distribuidor, etc. Ediciones de la Torre,
Fecha de publicación, distribución, etc. 2009.
300 ## - DESCRIPCIÓN FÍSICA
Extensión 273, [25] p. :
Otras características físicas il. ;
Dimensiones 23 x 25 cm.
490 1# - MENCIÓN DE SERIE
Mención de serie Nuestro mundo.
-- Homenaje ;
Designación de volumen o secuencia 4
490 1# - MENCIÓN DE SERIE
Mención de serie Ediciones de la Torre ;
Designación de volumen o secuencia 500
504 ## - NOTA DE BIBLIOGRAFÍA, ETC.
Nota de bibliografía, etc. Índices.
650 #7 - PUNTO DE ACCESO ADICIONAL DE MATERIA--TÉRMINO DE MATERIA
Término de materia o nombre geográfico como elemento de entrada Poesías españolas
Fuente del encabezamiento o término embne
9 (RLIN) 16214
650 #7 - PUNTO DE ACCESO ADICIONAL DE MATERIA--TÉRMINO DE MATERIA
Término de materia o nombre geográfico como elemento de entrada Poesías hispanoamericanas.
9 (RLIN) 148477
700 1# - ENTRADA AGREGADA--NOMBRE PERSONAL
Nombre de persona Alonso Alonso, Mercedes.
9 (RLIN) 161070
700 1# - ENTRADA AGREGADA--NOMBRE PERSONAL
Nombre de persona Salama, Dinah.
9 (RLIN) 101703
830 0# - PUNTO DE ACCESO ADICIONAL DE SERIE-TÍTULO UNIFORME
Título uniforme Nuestro mundo.
-- Homenaje ;
Designación de volumen o secuencia 4
9 (RLIN) 225400
830 0# - PUNTO DE ACCESO ADICIONAL DE SERIE-TÍTULO UNIFORME
Título uniforme Ediciones de la Torre ;
Designación de volumen o secuencia 500
9 (RLIN) 192503
852 ## - LOCALIZACIÓN
Ubicación ES-MaACL
Número de control de estantería A-13954
itemnumber 193364
Sublocalización o colección R.151235
Ubicación en estantería Depósito 1
Signatura antigua Olim: N-6954
942 ## - ELEMENTOS DE ENTRADA SECUNDARIOS (KOHA)
Fuente del sistema de clasificación o colocación Clasificación decimal universal
Holdings
Estatus retirado Estado de pérdida Fuente del sistema de clasificación o colocación Estado de daño No para préstamo Biblioteca de origen Biblioteca actual Ubicación en estantería Fecha de adquisición Fuente de adquisición Total de préstamos Signatura topográfica completa Código de barras Visto por última vez Precio de reemplazo Tipo de ítem Koha
    Clasificación decimal universal     Biblioteca del Ateneo de Madrid Biblioteca del Ateneo de Madrid Depósito 1 06/10/2016 Donación   A-13954 1196440 23/02/2023 23/02/2023 Libro impreso